Spanish Vocabulary Words That Start With P - Statistics

General Stats
  • This quiz has been taken 7,112 times
  • The average score is 67 of 106
Answer Stats
English español % Correct
father padre
97%
dog perro
93%
perfect perfecto
91%
why por que
91%
country país
90%
potato papa
90%
chicken pollo
90%
please por favor
90%
paper papel
89%
person persona
89%
small pequeño
88%
beach playa
88%
word palabra
87%
pants pantalones
87%
police policía
87%
question pregunta
87%
problem problema
87%
to think pensar
85%
plate plato
84%
possible posible
84%
first primero
83%
movie película
82%
pineapple piña
82%
door puerta
82%
part parte
81%
plastic plástico
81%
to prepare preparar
80%
passport pasaporte
79%
to paint pintar
78%
spring primavera
78%
danger peligro
77%
worse peor
77%
past pasado
75%
to lose perder
75%
skin piel
75%
poor pobre
75%
pool piscina
74%
product producto
74%
leg pierna
73%
planet planeta.
73%
to prefer preferir
73%
for example por ejemplo
72%
patient paciente
71%
pilot piloto
71%
to produce producir
71%
to fish pescar
70%
worried preocupado
70%
profession profesión
70%
bird pájaro
69%
peace paz
69%
private privado
69%
paid pagado
67%
newspaper periódico
67%
to allow permitir
67%
spicy picante
67%
story/ floor piso
66%
price precio
66%
match/ game partido
65%
to happen pasar
63%
duck pato
63%
point punto
63%
to ask for pedir
62%
next próximo
61%
progress progreso
60%
journalist periodista
58%
silver plata
58%
priority prioridad
58%
bakery panadería
57%
umbrella paraguas
54%
to try probar
54%
prohibited prohibido
54%
bridge puente
54%
turkey pavo
53%
dessert postre
53%
project proyecto
53%
heavy pesado
52%
lung pulmón
52%
couple pareja
51%
deep profundo
51%
to plan planear
49%
pen pluma
48%
percent por ciento
47%
chest pecho
46%
stone piedra
44%
passengers pasajeros
43%
dust polvo
42%
to iron planchar
41%
package paquete
40%
lazy perezoso
39%
population población
39%
to protect proteger
39%
to fight pelear
38%
profile perfil
38%
paradise paraíso
36%
piece pedazo
35%
pressure presión
33%
Poland polonia
29%
proof prueba
29%
tip propina
28%
aisle pasillo
24%
tablet pastilla
20%
eyelashes pestañas
20%
lead/ metal plomo
17%
loan préstamo
16%
forecast pronóstico
16%
toll peaje
10%
No matching quizzes found
Score Distribution
Percent of People with Each Score
Percentile by Number Answered
Your Score History
You have not taken this quiz